| 000 | 00899cam a2200313 a 4500 | ||
|---|---|---|---|
| 001 | 2088974 | ||
| 003 | OSt | ||
| 005 | 20140428134609.0 | ||
| 008 | 951005s1996 nyu j 000 1 eng | ||
| 010 | _a 95039539 | ||
| 020 | _a0590697692 | ||
| 040 |
_aDLC _cDLC _dDLC |
||
| 042 | _alcac | ||
| 050 | 0 | 0 |
_aPZ 7 _b.J4298715 1998 |
| 100 | 1 |
_aJennings, Patrick. _923867 |
|
| 245 | 1 | 0 |
_aFaith and the electric dogs / _cPatrick Jennings. |
| 260 |
_aNew York : _bScholastic, _c1998. |
||
| 300 |
_a146 p. : _c19 cm. |
||
| 521 | _aG5 | ||
| 526 | _c740 | ||
| 650 | 1 |
_aDogs _xFiction. _923868 |
|
| 650 | 1 |
_aRunaways _xFiction. _923869 |
|
| 651 | 1 |
_aMexico _xFiction. _923870 |
|
| 906 |
_a7 _bcbc _corignew _d1 _eocip _f19 _gy-gencatlg |
||
| 942 |
_2lcc _cBK |
||
| 999 |
_c47439 _d47439 |
||